عرض عادي
عرض مارك
- Smagorinsky, Peter.
مدخل إسم شخص
001 - رقم الضبط
- حقل الضبط: 46300
003 - معرف رقم الضبط
- حقل الضبط: OSt
005 - تاريخ ووقت أخر عملية
- حقل الضبط: 20140710121647.0
008 - عناصر بيانات ثابتة الطول
- حقل تحكم ثابت الطول: 140710|||a|||||| | ||| d
040 ## - مصدر الفهرسة
- هيئة الفهرسة الأصلية: OSt
- وكالة الكتابة: OSt
100 ## - مدخل -- أسم شخص
- إسم شخص: Smagorinsky, Peter.
670 ## - بيانات المصدر موجوده
- الاستشهاد بالمصدر: Work cat.: (OSt)0: Teaching students to write :, c2011.
